000 00541nam a2200193Ia 4500
003 OSt
005 20250123114205.0
008 231217s9999 xx 000 0 und d
020 _a124630014
040 _c0
041 _aEnglish
082 _a616.92 MAC;1 R
100 _aMacario, Alberto J L. Conway de Macario, Everly.
245 0 _aMonoclonal antibodies against bacteria Vol.1
260 _c1985
_bAcademic Press
_aNew York
300 _axxxvi, 320
650 _aMonoclonal,antibodies,against,bacteria,Vol.1
942 _cAA
_2ddc
999 _c198240
_d198240